War and peace in contemporary Eritrean poetry (Record no. 138445)
[ view plain ]
| 000 -LEADER | |
|---|---|
| fixed length control field | 01101nam a2200277Ia 4500 |
| 100 1# - MAIN ENTRY--AUTHOR NAME | |
| Personal name | Cantalupo, Charles, |
| 245 10 - TITLE STATEMENT | |
| Title | War and peace in contemporary Eritrean poetry |
| 260 ## - PUBLICATION, DISTRIBUTION, ETC. (IMPRINT) | |
| Place of publication | Dar es Salaam : |
| Name of publisher | Mkuki na Nyota Publishers, |
| Year of publication | c2009. |
| 300 ## - PHYSICAL DESCRIPTION | |
| Number of Pages | xv, 160 p. |
| 650 #0 - SUBJECT ADDED ENTRY--TOPICAL TERM | |
| Topical Term | War poetry. |
| Topical Term | Eritrean poetry |
| 856 40 - ELECTRONIC LOCATION AND ACCESS | |
| Uniform Resource Identifier | http://site.ebrary.com/lib/rucke/Doc?id=10449895 |
No items available.
